000 01026nam a2200313 a 4500
001 000024434
003 DO-SdBPM
005 20260218104931.0
007 ta
008 110127s1996 xxu r 000 | spa d
020 _a9568114394
040 _aDO-SdBPM
_cBPMSU
_bspa
_drda
049 _a
082 4 _a306
_b C352m
_222
245 0 0 _aMagister en ciencias sociales :
_b Métodos integrados /
_cAlejandro Castillo ; Coordinador Emilio Gautier C... [y otros ]
264 _a[sin lugar :
_bSociedad Educional La Araucana ,
_c[200-?]
300 _a204 páginas ;
_c22 cm.
336 _atexto
_btxt
_2rdacontent
337 _asin mediación
_bn
_2rdamedia
338 _avolumen
_bnc
_2rdacarrier
490 0 _aMagister en ciencias Sociales
590 _aInventariado, 2026/VM
650 7 _aAnálisis del discurso
_xMetodología
650 7 _aLenguaje y cultura
650 7 _aSociolingüística
700 1 _aGautier C., Emilio
_e coordinador
910 _aVMateo V. Control de calidad. BPMSU
942 _2ddc
_cBK
999 _c15713
_d15713